| 000 | 02064nam a22002417a 4500 | ||
|---|---|---|---|
| 999 |
_c58923 _d58923 |
||
| 003 | Ge_BSU | ||
| 005 | 20221107122056.0 | ||
| 008 | 221019s2020 ge ||||| |||| 00| 0 geo d | ||
| 020 | _a9789941969447x | ||
| 041 | _ageo | ||
| 080 | _a641.55/56(479.22) ი-38 | ||
| 100 |
_aიველაშვილი, თინა _9558 |
||
| 245 |
_aტრადიციული ხალხური სამზარეულო სამცხე-ჯავახეთში = Традиционная народная кухня в Самцхе-Джавахети = Traditionall Folk Ciusine in Samtskhe-Javakheti / _c თინა იველაშვილი ; რედაქტორი გულნარა ჯანოვა ; ტექსტი რუსულად თარგმნა ირინა ჯიშკარიანმა ; ტექსტი ინგლისურად თარგმნა გულნარა ჯანოვამ ; დიზაინერ-დამკაბადონებელი გიორგი კაკაბაძე. |
||
| 264 |
_aთბილისი : _bაკადემიური წიგნი, _c2020. |
||
| 300 |
_a356 გვ. : ილ. ; _b21 სმ. |
||
| 500 | _a გარეკანი, თავფურცელი და ტექსტი ქართულ, რუსულ და ინგლისურ ენებზე. წიგნი გამოიცა შპს "კევრ"-ის ფინანსური მხარდაჭერით. | ||
| 504 | _a ბიბლიოგრაფია: გვ. 356. | ||
| 653 | _aქართული ტრადიციული სამზარეულო. | ||
| 700 |
_aჯანოვა, გულნარა _eრედაქტორი, მთარგმნელი _915366 |
||
| 700 |
_aჯიშკარიანი, ირინა _eმთარგმნელი _915367 |
||
| 700 |
_aკაკაბაძე, გიორგი _eდიზაინერი _915368 |
||
| 942 |
_2udc _cBK |
||